000 00395nam a2200157 a 4500
082 0 0 _a255.59155
_bTAF
100 _aTafsiri, Ahd-E-Jadeed
245 _aInjil Isa Masih.
260 _aTehran
_bSandooq Pasti
_c1357
300 _a370
500 _aincludes index and biblioraphy
505 2 _aBibliography, Index.
650 _aBible N.T. Persian
700 1 _aTafsiri, Ahd-E-Jadeed
942 _cBK
999 _c8305
_d8305